000 00633nam a2200253Ia 4500
003 OSt
005 20221005123303.0
006 a|||||r|||| 00| 0
007 ta
008 221004b |||||||| |||| 00| 0 tam d
020 _c2.50
024 _a49684
037 _cTextual
040 _aCRL
_cCRL
_btam
041 _2tam
_atam
082 _aO31,3N22x, J7;K5
100 _aAkilan Pseud Au.
_9633476
245 0 _aKuzhanthai chiriththathu
260 _c1965
300 _a160p.
_ccm.
650 _aTAMIL FICTION
942 _hO31,3N22x, J7;K5
_cTEXL
_2cc
999 _c1046943
_d1046943